000 00294nam a2200145Ia 4500
100 _aWalkenbach/J
942 _cBK
654 _acomputer
245 _aVB Script for Dummies
260 _bComDex
_c1997
082 _a005.133'VB'
_bWAL
300 _a380
546 _aENGLISH
999 _c24843
_d24843